000 00691nam a22001937a 4500
999 _c11809
_d11809
003 AR-CdUCM
008 190405b ||||| |||| 00| 0 spa d
040 _aMUNICIPALIDAD PROVINCIAL DEL CUSCO
_cBIBLIOTECA MUNICIPAL DEL CUSCO
082 _a985.312 /
_bS92 / 1971
100 _aSumar Pacha, Miguel
_929360
245 _aEl lago de Huaylas :
_bun desafío para el hombre moderno del Perú /
260 _aLima :
_bTarpuntaya,
_c1971.
300 _a49 páginas ;
_c21 cm.
505 _aTesis del desarrollo - Antecedentes -- Buscando las causas del terremoto -- Proyecto...
650 _aHuaylas.
_929361
650 _aTerremoto.
_910152
942 _2ddc
_cLIBROS
945 _awfj
_d2019-04-05